[Event "HUN-chT2 Erkel 0607"]
[Site "Hungary"]
[Date "2007.03.25"]
[Round "7"]
[White "Purkald, Mihaly"]
[Black "Gorda, Ferenc"]
[Result "1-0"]
[WhiteElo "2199"]
[BlackElo "1962"]
[PlyCount "89"]
[EventDate "2006.11.12"]
[EventType "team"]
[EventRounds "11"]
[EventCountry "HUN"]
[SourceTitle "EXT 2008"]
[Source "ChessBase"]
[SourceDate "2007.11.25"]
[SourceVersion "1"]
[SourceVersionDate "2007.11.25"]
[SourceQuality "1"]
[WhiteTeam "Keviterv"]
[BlackTeam "Paszto"]
[WhiteTeamCountry "HUN"]
[BlackTeamCountry "HUN"]

1. d4 g6 2. e4 Bg7 3. Nf3 d6 4. Be2 Nc6 5. 0-0 e5 6. c3 Nf6 7. dxe5 Nxe4 8. Qd5 Nc5 9. exd6 Qxd6 10. Qxd6 cxd6 11. Bf4 Ne5 12. Rd1 Ne6 13. Be3 Ke7 14. h3 Bd7 15. Na3 Bc6 16. Nd4 Nxd4 17. Bxd4 f6 18. f4 Nf7 19. Bg4 Rhe8 20. b4 a6 21. Nc4 Kf8 22. Kf2 Kg8 23. Nb6 Rad8 24. Re1 Re4 25. Rxe4 Bxe4 26. Be6 Re8 27. Bd5 f5 28. Bxg7 Kxg7 29. Re1 Kf8 30. Bxe4 fxe4 31. Ke3 Nd8 32. Rd1 Re6 33. Rd4 Ke7 34. Rxe4 Nc6 35. Rxe6+ Kxe6 36. Ke4 Ne7 37. g4 Ng8 38. Nd5 Nh6 39. a4 Ng8 40. g5 h6 41. h4 h5 42. a5 Ne7 43. Nxe7 Kxe7 44. f5 d5+ 45. Kxd5 1-0

[Event "HUN-chT2 Erkel 0607"]
[Site "Hungary"]
[Date "2007.03.04"]
[Round "6"]
[White "Csaki, Balazs"]
[Black "Gorda, Ferenc"]
[Result "0-1"]
[WhiteElo "1811"]
[BlackElo "1962"]
[PlyCount "56"]
[EventDate "2006.11.12"]
[EventType "team"]
[EventRounds "11"]
[EventCountry "HUN"]
[SourceTitle "EXT 2008"]
[Source "ChessBase"]
[SourceDate "2007.11.25"]
[SourceVersion "1"]
[SourceVersionDate "2007.11.25"]
[SourceQuality "1"]
[WhiteTeam "Heesi II"]
[BlackTeam "Paszto"]
[WhiteTeamCountry "HUN"]
[BlackTeamCountry "HUN"]

1. e4 g6 2. d4 Bg7 3. Nf3 d6 4. c4 c5 5. d5 Nf6 6. Nc3 Nbd7 7. Bd3 0-0 8. 0-0 Ng4 9. h3 Nge5 10. Nxe5 Nxe5 11. f4 Nxd3 12. Qxd3 f5 13. Qg3 Qb6 14. e5 Bd7 15. e6 Be8 16. b3 a5 17. Na4 Bxa4 18. Rb1 Be8 19. Bb2 Bxb2 20. Rxb2 a4 21. h4 a3 22. Rbf2 Qb4 23. h5 Rf6 24. h6 b5 25. Rc1 bxc4 26. Rxc4 Qe1+ 27. Kh2 Bb5 28. Rc3 Qd1 0-1

[Event "HUN-chT2 Erkel 0506"]
[Site "Hungary"]
[Date "2006.04.23"]
[Round "11"]
[White "Gorda, Ferenc"]
[Black "Havaskori, Laszlo"]
[Result "0-1"]
[WhiteElo "1993"]
[BlackElo "2046"]
[PlyCount "108"]
[EventDate "2005.10.16"]
[EventType "team"]
[EventRounds "11"]
[EventCountry "HUN"]
[SourceTitle "EXT 2009"]
[Source "ChessBase"]
[SourceDate "2008.11.26"]
[SourceVersion "1"]
[SourceVersionDate "2008.11.26"]
[SourceQuality "1"]
[WhiteTeam "Paszto"]
[BlackTeam "Penzugyor II"]
[WhiteTeamCountry "HUN"]
[BlackTeamCountry "HUN"]

1. d4 Nf6 2. Nf3 e6 3. e3 d5 4. Bd3 c5 5. c3 Nc6 6. 0-0 c4 7. Bc2 Bd6 8. h3 Ne4 9. Nbd2 f5 10. Nxe4 fxe4 11. Ne5 Bxe5 12. dxe5 Qc7 13. f4 Bd7 14. b3 Ne7 15. bxc4 Qxc4 16. Rb1 b6 17. Bb3 Qxc3 18. Bd2 Qd3 19. Bc2 Qa6 20. Bb4 g6 21. Qg4 Rf8 22. Qh4 Rf7 23. g4 Qe2 24. Qf2 Qxf2+ 25. Rxf2 Rc8 26. Bd6 Rc3 27. Re2 Bc8 28. Ba4+ Bd7 29. Bxd7+ Kxd7 30. a4 Nc6 31. h4 d4 32. a5 Nxa5 33. exd4 Rxf4 34. Rg2 Nc4 35. Bb4 Rd3 36. h5 Kc6 37. hxg6 hxg6 38. Rc1 Kd5 39. Rgc2 Rxg4+ 40. Kh2 Rh4+ 41. Kg1 Rg3+ 42. Kf2 Rf3+ 43. Kg1 Rg4+ 44. Kh2 Rf5 45. Rg2 Rxg2+ 46. Kxg2 a5 47. Be7 g5 48. Kg3 Kxd4 49. Bf6 e3 50. Rd1+ Nd2 51. Re1 Kd3 52. Ra1 e2 53. Ra3+ Kc4 54. Ra4+ Kb3 0-1

[Event "HUN-chT2 Erkel 0506"]
[Site "Hungary"]
[Date "2006.04.09"]
[Round "10"]
[White "Gorda, Ferenc"]
[Black "Kormos, Adam"]
[Result "0-1"]
[WhiteElo "1993"]
[BlackElo "1980"]
[PlyCount "84"]
[EventDate "2005.10.16"]
[EventType "team"]
[EventRounds "11"]
[EventCountry "HUN"]
[SourceTitle "EXT 2009"]
[Source "ChessBase"]
[SourceDate "2008.11.26"]
[SourceVersion "1"]
[SourceVersionDate "2008.11.26"]
[SourceQuality "1"]
[WhiteTeam "Paszto"]
[BlackTeam "BEAC Rufusz II"]
[WhiteTeamCountry "HUN"]
[BlackTeamCountry "HUN"]

1. d4 Nf6 2. c4 e6 3. Nf3 b6 4. Nc3 Bb7 5. e3 Bb4 6. a3 Bxc3+ 7. bxc3 0-0 8. Bd3 c5 9. 0-0 d5 10. a4 Nbd7 11. Ba3 Rc8 12. Ne5 Qc7 13. Nxd7 Qxd7 14. dxc5 bxc5 15. Qc2 h6 16. f3 Rfd8 17. Rfd1 Qc7 18. Qf2 Rd6 19. Be2 Qa5 20. cxd5 exd5 21. e4 Re6 22. exd5 Bxd5 23. c4 Bb7 24. Bd3 Rce8 25. Bb2 Rc6 26. Qg3 Ba6 27. Be5 Nh5 28. Qh4 Rxe5 29. f4 Nxf4 30. Qxf4 Qc7 31. Bc2 Rce6 32. Rf1 Rf6 33. Qg3 Rxf1+ 34. Rxf1 Bxc4 35. Rd1 g5 36. Qf3 Qe7 37. Qc3 Bd5 38. h3 Bc6 39. Rf1 Re2 40. Rf2 Re1+ 41. Rf1 Qe2 42. Bh7+ Kxh7 0-1

[Event "HUN-chT2 Erkel 0506"]
[Site "Hungary"]
[Date "2006.01.22"]
[Round "6"]
[White "Gorda, Ferenc"]
[Black "Berki, Ferenc"]
[Result "1-0"]
[WhiteElo "1993"]
[BlackElo "2051"]
[PlyCount "85"]
[EventDate "2005.10.16"]
[EventType "team"]
[EventRounds "11"]
[EventCountry "HUN"]
[SourceTitle "EXT 2009"]
[Source "ChessBase"]
[SourceDate "2008.11.26"]
[SourceVersion "1"]
[SourceVersionDate "2008.11.26"]
[SourceQuality "1"]
[WhiteTeam "Paszto"]
[BlackTeam "Foti"]
[WhiteTeamCountry "HUN"]
[BlackTeamCountry "HUN"]

1. d4 d5 2. e4 dxe4 3. Nc3 Nf6 4. Bg5 Bf5 5. f3 Nd5 6. Nxe4 h6 7. Bd2 e6 8. Bd3 Bd6 9. Ne2 Bxe4 10. Bxe4 f5 11. Bxd5 exd5 12. c3 c6 13. Qc2 Qf6 14. 0-0-0 Nd7 15. Nf4 0-0-0 16. Kb1 Rde8 17. Rde1 g6 18. Nd3 g5 19. g3 Kb8 20. f4 gxf4 21. gxf4 Re4 22. Ne5 Kc8 23. Rhg1 Nf8 24. c4 Bxe5 25. dxe5 Qf7 26. cxd5 Qxd5 27. Rxe4 fxe4 28. Be3 Qd3 29. Qxd3 exd3 30. Kc1 Nd7 31. Kd2 Nb6 32. Bxb6 axb6 33. Kxd3 Rd8+ 34. Ke3 Rd5 35. Rg7 Rd1 36. Rg2 Re1+ 37. Re2 Rf1 38. Ke4 Kd7 39. Kf5 Ke7 40. e6 Rf3 41. Rg2 Re3 42. Rg7+ Kf8 43. Rxb7 1-0

[Event "HUN-chT2 Erkel 0304"]
[Site "Hungary"]
[Date "2004.04.04"]
[Round "10"]
[White "Gorda, Ferenc"]
[Black "Vereb, Gabor"]
[Result "1-0"]
[WhiteElo "2115"]
[BlackElo "2192"]
[PlyCount "82"]
[EventDate "2003.09.28"]
[EventType "team"]
[EventRounds "11"]
[EventCountry "HUN"]
[SourceTitle "EXT 2009"]
[Source "ChessBase"]
[SourceDate "2008.11.26"]
[SourceVersion "1"]
[SourceVersionDate "2008.11.26"]
[SourceQuality "1"]
[WhiteTeam "Hatvan"]
[BlackTeam "Godollo"]
[WhiteTeamCountry "HUN"]
[BlackTeamCountry "HUN"]

1. d4 Nf6 2. Nf3 g6 3. e3 Bg7 4. Bd3 0-0 5. e4 d6 6. c3 Nc6 7. d5 Nb8 8. 0-0 e6 9. c4 e5 10. Nc3 Bg4 11. h3 Bc8 12. Be3 h6 13. c5 Ne8 14. Rc1 f5 15. cxd6 cxd6 16. Nb5 a6 17. Qc2 Nd7 18. Nc7 Nxc7 19. Qxc7 f4 20. Bd2 Nc5 21. Qxd8 Rxd8 22. Bb1 a5 23. b4 axb4 24. Bxb4 b6 25. Rc3 g5 26. Rfc1 Ba6 27. Nd2 h5 28. Nb3 g4 29. Bxc5 dxc5 30. Nd2 Bh8 31. Nc4 Bxc4 32. Rxc4 gxh3 33. gxh3 Kf7 34. R1c3 Rg8+ 35. Kf1 Rg6 36. a4 Rag8 37. Ke2 Rg1 38. Rb3 R1g6 39. a5 bxa5 40. Rxc5 Ra6 41. Bd3 Ra7 1-0

[Event "HUN-chT2 Erkel 0304"]
[Site "Hungary"]
[Date "2003.11.16"]
[Round "3"]
[White "Gorda, Ferenc"]
[Black "Berczes, Csaba"]
[Result "1/2-1/2"]
[WhiteElo "2115"]
[BlackElo "2310"]
[PlyCount "158"]
[EventDate "2003.09.28"]
[EventType "team"]
[EventRounds "11"]
[EventCountry "HUN"]
[SourceTitle "EXT 2009"]
[Source "ChessBase"]
[SourceDate "2008.11.26"]
[SourceVersion "1"]
[SourceVersionDate "2008.11.26"]
[SourceQuality "1"]
[WhiteTeam "Hatvan"]
[BlackTeam "Lang"]
[WhiteTeamCountry "HUN"]
[BlackTeamCountry "HUN"]

1. d4 Nf6 2. Bf4 e6 3. Nf3 c5 4. e3 Nc6 5. c3 Be7 6. h3 0-0 7. Nbd2 cxd4 8. exd4 d6 9. Be2 Re8 10. 0-0 Bf8 11. Re1 e5 12. dxe5 dxe5 13. Bh2 e4 14. Nd4 Nxd4 15. cxd4 Qxd4 16. Bb5 Bd7 17. Bxd7 Qxd7 18. Nc4 Rad8 19. Qb3 b5 20. Ne5 Qd5 21. Red1 Qxb3 22. axb3 Bc5 23. Nc6 Rd3 24. b4 Bb6 25. Kf1 Rb3 26. Be5 e3 27. fxe3 Bxe3 28. Ra3 Rxa3 29. bxa3 h6 30. Bxf6 gxf6 31. Rd7 a6 32. Ne7+ Kg7 33. Nd5 Re6 34. Rc7 Bd4 35. Rc2 Rd6 36. Ne7 Rd7 37. Nf5+ Kg6 38. g4 Be5 39. Ke2 Kg5 40. Rc5 h5 41. Ne3 hxg4 42. hxg4 Kf4 43. Rc6 Rd6 44. Rc1 Rd8 45. Rc6 Rh8 46. Nd5+ Kxg4 47. Nxf6+ Kf5 48. Nd7 Rh2+ 49. Kd1 Bd4 50. Rxa6 Ke4 51. Nc5+ Ke3 52. Ra7 f5 53. Re7+ Kf3 54. Rf7 f4 55. Nd3 Be3 56. Ne5+ Ke4 57. Re7 Ra2 58. Nc4+ Kd3 59. Ne5+ Kc3 60. Rb7 Rd2+ 61. Ke1 Rd5 62. Ng4 Bd2+ 63. Ke2 Be3 64. Nxe3 Re5 65. Rc7+ Kb3 66. Rc5 Rxe3+ 67. Kd2 Ka4 68. Rf5 Rxa3 69. Rxf4 Rb3 70. Kc2 Rxb4 71. Rxb4+ Kxb4 72. Kb2 Kc4 73. Kc2 b4 74. Kb2 b3 75. Kb1 Kb4 76. Kb2 Ka4 77. Kb1 Ka3 78. Ka1 b2+ 79. Kb1 Kb3 1/2-1/2

[Event "Gyongyos Matra Cup"]
[Site "Gyongyos"]
[Date "2003.07.31"]
[Round "9"]
[White "Gorda, Ferenc"]
[Black "Szekelyhidi, Tamas"]
[Result "1-0"]
[WhiteElo "2115"]
[BlackElo "1862"]
[PlyCount "35"]
[EventDate "2003.07.22"]
[EventType "swiss"]
[EventRounds "9"]
[EventCountry "HUN"]
[SourceTitle "EXT 2005"]
[Source "ChessBase"]
[SourceDate "2004.11.15"]
[SourceVersion "1"]
[SourceVersionDate "2004.11.15"]
[SourceQuality "1"]

1. d4 d5 2. e4 dxe4 3. Nc3 Nf6 4. Bg5 a6 5. Bxf6 exf6 6. Nxe4 Nc6 7. Qe2 Be7 8. 0-0-0 0-0 9. d5 Ne5 10. f4 Bg4 11. Nf3 Nd7 12. h3 Bf5 13. Ng3 g6 14. Nh4 Kh8 15. Nhxf5 gxf5 16. Nxf5 Bd6 17. Qg4 Rg8 18. Qh5 1-0

[Event "HUN-chT2 Erkel 0203"]
[Site "Hungary"]
[Date "2003.04.06"]
[Round "10"]
[White "Gorda, Ferenc"]
[Black "Ujj, Daniel"]
[Result "1/2-1/2"]
[WhiteElo "2118"]
[BlackElo "2143"]
[PlyCount "55"]
[EventDate "2002.09.22"]
[EventType "team"]
[EventRounds "11"]
[EventCountry "HUN"]
[SourceTitle "EXT 2009"]
[Source "ChessBase"]
[SourceDate "2008.11.26"]
[SourceVersion "1"]
[SourceVersionDate "2008.11.26"]
[SourceQuality "1"]

1. d4 g6 2. e4 Bg7 3. f4 c5 4. c3 cxd4 5. cxd4 d5 6. e5 Nc6 7. Nc3 h5 8. h3 Nh6 9. Bb5 0-0 10. Nge2 Bd7 11. 0-0 a6 12. Bxc6 Bxc6 13. f5 Nxf5 14. g4 hxg4 15. hxg4 Nh6 16. Ng3 Qd7 17. Rf4 f5 18. g5 Ng4 19. Nce2 Rad8 20. Rf1 Bxe5 21. dxe5 d4 22. Nf4 d3 23. Qb3+ Kh7 24. Ne6 Rh8 25. Rxf5 gxf5 26. g6+ Kxg6 27. Nf4+ Kg7 28. Ne6+ 1/2-1/2

[Event "HUN-chT2 Erkel 0203"]
[Site "Hungary"]
[Date "2002.11.24"]
[Round "3"]
[White "Gorda, Ferenc"]
[Black "Kiss, Emese"]
[Result "1-0"]
[WhiteElo "2118"]
[BlackElo "2110"]
[PlyCount "59"]
[EventDate "2002.09.22"]
[EventType "team"]
[EventRounds "11"]
[EventCountry "HUN"]
[SourceTitle "EXT 2009"]
[Source "ChessBase"]
[SourceDate "2008.11.26"]
[SourceVersion "1"]
[SourceVersionDate "2008.11.26"]
[SourceQuality "1"]

1. d4 Nf6 2. c4 g6 3. Nc3 d5 4. e3 Bg7 5. Nf3 0-0 6. cxd5 Nxd5 7. Qb3 Nxc3 8. bxc3 c5 9. Ba3 cxd4 10. cxd4 Nc6 11. Rc1 Be6 12. Qa4 a6 13. Bc5 b5 14. Qa3 Qd5 15. Rc2 Rfc8 16. Bd3 Bf5 17. 0-0 e6 18. Bxf5 gxf5 19. Rfc1 Qd7 20. Ne1 Bf6 21. Nd3 Bd8 22. Bf8 Bg5 23. f4 Bf6 24. Bc5 Qd8 25. Rf2 Kh8 26. Rf3 Qd5 27. Qb3 Ne7 28. Qa3 Rg8 29. Bxe7 Bxe7 30. Qxe7 1-0

[Event "HUN-chT2 Erkel 0203"]
[Site "Hungary"]
[Date "2002.10.13"]
[Round "2"]
[White "Sapi, Janos"]
[Black "Gorda, Ferenc"]
[Result "1/2-1/2"]
[WhiteElo "2147"]
[BlackElo "2118"]
[PlyCount "25"]
[EventDate "2002.09.22"]
[EventType "team"]
[EventRounds "11"]
[EventCountry "HUN"]
[SourceTitle "EXT 2009"]
[Source "ChessBase"]
[SourceDate "2008.11.26"]
[SourceVersion "1"]
[SourceVersionDate "2008.11.26"]
[SourceQuality "1"]

1. d4 c6 2. c4 d5 3. Nf3 Nf6 4. g3 Bf5 5. Bg2 e6 6. 0-0 Bd6 7. cxd5 cxd5 8. Nc3 a6 9. Bg5 Nbd7 10. Rc1 Rc8 11. Nh4 Bg6 12. Nxg6 hxg6 13. e4 1/2-1/2

[Event "Erkel Memorial op"]
[Site "Gyula"]
[Date "2001.11.06"]
[Round "8"]
[White "Menyhart, Tibor"]
[Black "Gorda, Ferenc"]
[Result "1/2-1/2"]
[WhiteElo "2232"]
[BlackElo "2100"]
[PlyCount "62"]
[EventDate "2001.10.30"]
[EventType "swiss"]
[EventRounds "9"]
[EventCountry "HUN"]
[SourceTitle "EXT 2008"]
[Source "ChessBase"]
[SourceDate "2007.11.25"]
[SourceVersion "1"]
[SourceVersionDate "2007.11.25"]
[SourceQuality "1"]

1. d4 g6 2. e4 Bg7 3. c3 d6 4. f4 f5 5. e5 dxe5 6. fxe5 e6 7. Nf3 Ne7 8. Bg5 h6 9. Bxe7 Qxe7 10. Bc4 0-0 11. 0-0 c6 12. Nbd2 b5 13. Bd3 Na6 14. c4 Nc7 15. b3 Bb7 16. Qe2 a5 17. a4 bxc4 18. Nxc4 Nd5 19. Nfd2 c5 20. Qf2 cxd4 21. Qxd4 Rad8 22. Qa7 Nb4 23. Be2 Nc6 24. Qe3 g5 25. Bf3 Rd7 26. Bxc6 Bxc6 27. Nxa5 Ba8 28. Ndc4 Qd8 29. Rae1 Rd3 30. Qc5 f4 31. b4 g4 1/2-1/2

[Event "Erkel Memorial op"]
[Site "Gyula"]
[Date "2001.11.04"]
[Round "6"]
[White "Monus, Zoltan"]
[Black "Gorda, Ferenc"]
[Result "1-0"]
[WhiteElo "2160"]
[BlackElo "2100"]
[PlyCount "71"]
[EventDate "2001.10.30"]
[EventType "swiss"]
[EventRounds "9"]
[EventCountry "HUN"]
[SourceTitle "EXT 2008"]
[Source "ChessBase"]
[SourceDate "2007.11.25"]
[SourceVersion "1"]
[SourceVersionDate "2007.11.25"]
[SourceQuality "1"]

1. d4 g6 2. c4 Bg7 3. Nc3 c5 4. d5 d6 5. e4 Nf6 6. f3 0-0 7. Bg5 Nbd7 8. Nh3 h6 9. Be3 Ne5 10. Nf2 Qb6 11. Rb1 Kh7 12. Be2 h5 13. 0-0 Qc7 14. Qd2 Rh8 15. h3 Kg8 16. f4 Ned7 17. b4 b6 18. bxc5 Nxc5 19. Bd4 Bh6 20. g4 hxg4 21. hxg4 Bg7 22. e5 Ne8 23. Qe3 dxe5 24. fxe5 f6 25. d6 exd6 26. Nd5 Qd8 27. exf6 Nxf6 28. Bf3 Rb8 29. g5 Nxd5 30. Bxd5+ Kh7 31. Kg2 Ne6 32. Rh1+ Kg8 33. Bxe6+ Bxe6 34. Qxe6+ Kf8 35. Rhf1 Qe7 36. Bxg7+ 1-0

[Event "Erkel Memorial op"]
[Site "Gyula"]
[Date "2001.11.02"]
[Round "4"]
[White "Frank, Jozsef1111"]
[Black "Gorda, Ferenc"]
[Result "1/2-1/2"]
[WhiteElo "2145"]
[BlackElo "2100"]
[PlyCount "103"]
[EventDate "2001.10.30"]
[EventType "swiss"]
[EventRounds "9"]
[EventCountry "HUN"]
[SourceTitle "EXT 2008"]
[Source "ChessBase"]
[SourceDate "2007.11.25"]
[SourceVersion "1"]
[SourceVersionDate "2007.11.25"]
[SourceQuality "1"]

1. d4 g6 2. Nf3 Bg7 3. g3 c5 4. c3 cxd4 5. cxd4 d5 6. Bg2 Nf6 7. 0-0 0-0 8. Nc3 Nc6 9. Qb3 Ne4 10. e3 Nxc3 11. bxc3 Na5 12. Qb4 Nc4 13. Nd2 Nxd2 14. Bxd2 a5 15. Qb5 e6 16. Rab1 Qc7 17. Rfc1 Qd6 18. c4 Bd7 19. Qxb7 Rfb8 20. c5 Rxb7 21. cxd6 Rxb1 22. Rxb1 Ra6 23. Rb7 Rxd6 24. Bxa5 Bc8 25. Rc7 Ba6 26. Bf1 h5 27. a3 Bxf1 28. Kxf1 e5 29. Bb4 Ra6 30. dxe5 Bxe5 31. Rd7 Bb2 32. Rxd5 Bxa3 33. Rd8+ Kg7 34. Bc3+ f6 35. Rd7+ Kf8 36. Bd4 Rc6 37. Rd5 f5 38. h4 Kf7 39. Ke2 Ke6 40. Re5+ Kd7 41. Rb5 Bd6 42. Kf3 Bc7 43. Rb7 Ke6 44. Rb5 Kf7 45. Rc5 Rxc5 46. Bxc5 Be5 47. Bd4 Bc7 48. e4 fxe4+ 49. Kxe4 Ba5 50. Kf4 Bd8 51. f3 Kg8 52. Ke4 1/2-1/2

[Event "Erkel Memorial op"]
[Site "Gyula"]
[Date "2001.10.30"]
[Round "1"]
[White "Gorda, Ferenc"]
[Black "Bencze, Laszlo"]
[Result "0-1"]
[WhiteElo "2100"]
[BlackElo "2273"]
[PlyCount "126"]
[EventDate "2001.10.30"]
[EventType "swiss"]
[EventRounds "9"]
[EventCountry "HUN"]
[SourceTitle "EXT 2008"]
[Source "ChessBase"]
[SourceDate "2007.11.25"]
[SourceVersion "1"]
[SourceVersionDate "2007.11.25"]
[SourceQuality "1"]

1. d4 e6 2. Nf3 c5 3. e3 b6 4. d5 Nf6 5. dxe6 fxe6 6. c4 Nc6 7. Nc3 Be7 8. Be2 0-0 9. 0-0 Bb7 10. Nd5 Ne4 11. Nxe7+ Qxe7 12. Nd2 Ne5 13. Nxe4 Bxe4 14. f3 Bc6 15. e4 Nf7 16. Re1 Qf6 17. Rb1 d5 18. cxd5 exd5 19. exd5 Rad8 20. Qc2 Bxd5 21. b3 Rfe8 22. Bb2 Qg5 23. Bc1 Qh4 24. Rf1 Ne5 25. Bb2 Nc6 26. Rbd1 Kh8 27. Bb5 Qh6 28. Bxc6 Bxc6 29. Rde1 Bb5 30. Rxe8+ Rxe8 31. Rd1 Qe3+ 32. Qf2 Qxf2+ 33. Kxf2 Re2+ 34. Kg3 Kg8 35. Bc3 Rxa2 36. Rd8+ Kf7 37. Rc8 Bf1 38. Rc7+ Ke6 39. Bxg7 Rxg2+ 40. Kf4 Rxh2 41. Rxa7 Rh4+ 42. Ke3 Rb4 43. Ra3 Kd5 44. Bc3 Rh4 45. Ra1 Bb5 46. Rg1 Rh2 47. Rg5+ Kc6 48. Rf5 Re2+ 49. Kf4 Bd3 50. Rf6+ Kb5 51. Be5 Rg2 52. Ke3 Bc2 53. Rh6 Bg6 54. Rh4 Ra2 55. Rh2 Rxh2 56. Bxh2 Bf7 57. f4 Bxb3 58. f5 Bc2 59. f6 Bg6 60. Be5 Kc4 61. Kd2 b5 62. Kc1 Kb3 63. Bd6 c4 0-1

[Event "Fuzesabony op"]
[Site "Fuzesabony"]
[Date "1995.??.??"]
[Round "2"]
[White "Gorda, Ferenc"]
[Black "Simon, Nandor"]
[Result "1-0"]
[WhiteElo "2120"]
[BlackElo "1990"]
[PlyCount "91"]
[EventDate "1995.??.??"]
[EventType "swiss"]
[EventRounds "9"]
[EventCountry "HUN"]
[SourceTitle "EXT 2004"]
[Source "ChessBase"]
[SourceDate "2003.11.25"]
[SourceVersion "1"]
[SourceVersionDate "2003.11.25"]
[SourceQuality "1"]

1. d4 Nf6 2. Bf4 d6 3. h3 g6 4. Nd2 Bg7 5. e4 Nbd7 6. Ngf3 b6 7. c4 Bb7 8. e5 dxe5 9. dxe5 Ne4 10. Be2 Nxd2 11. Qxd2 Nc5 12. Qe3 Qd7 13. 0-0 0-0 14. b4 Ne6 15. Bh2 Rfd8 16. a4 c5 17. bxc5 Nxc5 18. a5 Qc6 19. Ne1 Ne6 20. a6 Nd4 21. axb7 Nxe2+ 22. Qxe2 Qxb7 23. Nf3 a5 24. Ra3 Qc6 25. e6 f6 26. Rd3 Rxd3 27. Qxd3 Qxe6 28. Re1 Qf7 29. Rxe7 Qxe7 30. Qd5+ Kh8 31. Qxa8+ Bf8 32. Bf4 g5 33. Be3 Qd6 34. Bxb6 Kg7 35. Qxa5 Qd1+ 36. Qe1 Qb3 37. c5 Qb5 38. Nd4 Qb2 39. Ne6+ Kf7 40. Nxf8 Kxf8 41. Bd8 Kg7 42. c6 Qc2 43. Qe7+ Kg8 44. Qe6+ Kf8 45. Be7+ Ke8 46. Bc5+ 1-0

[Event "Gyongyos op "]
[Site "Gyongyos"]
[Date "1995.??.??"]
[Round "?"]
[White "Vujosevic, Vladimir"]
[Black "Gorda, Ferenc"]
[Result "1-0"]
[WhiteElo "2345"]
[BlackElo "2120"]
[PlyCount "51"]
[EventDate "1995.??.??"]
[EventType "swiss"]
[EventRounds "9"]
[EventCountry "HUN"]
[SourceTitle "EXT 1999"]
[Source "ChessBase"]
[SourceDate "1998.11.16"]
[SourceVersion "1"]
[SourceVersionDate "1998.11.16"]
[SourceQuality "1"]

1. e4 g6 2. d4 Bg7 3. Nc3 d6 4. Be3 Nf6 5. f3 0-0 6. Qd2 e5 7. Nge2 exd4 8. Nxd4 Nc6 9. 0-0-0 Nxd4 10. Bxd4 Be6 11. Be3 Re8 12. Bg5 Qb8 13. g4 a5 14. h4 Nd7 15. h5 Ne5 16. Be2 b5 17. hxg6 b4 18. gxh7+ Kh8 19. Bh6 Ng6 20. Bxg7+ Kxg7 21. Nb5 Bxa2 22. Qd4+ Re5 23. h8Q+ Nxh8 24. f4 c5 25. Qe3 Re7 26. f5 1-0

[Event "Gyongyos op"]
[Site "Gyongyos"]
[Date "1994.??.??"]
[Round "?"]
[White "Gorda, Ferenc"]
[Black "Binder, Tamas"]
[Result "0-1"]
[WhiteElo "2150"]
[BlackElo "2255"]
[PlyCount "64"]
[EventDate "1994.08.??"]
[EventType "swiss"]
[EventRounds "9"]
[EventCountry "HUN"]
[SourceTitle "EXT 1998"]
[Source "ChessBase"]
[SourceDate "1997.11.17"]
[SourceVersion "1"]
[SourceVersionDate "1997.11.17"]
[SourceQuality "1"]

1. d4 Nf6 2. h3 g6 3. Bf4 Bg7 4. Nf3 0-0 5. e3 d6 6. Nbd2 Nc6 7. Bb5 Bd7 8. Bc4 Qe8 9. 0-0 h6 10. Re1 e5 11. dxe5 dxe5 12. Bh2 Rd8 13. Qb1 Qe7 14. Nf1 Ne8 15. c3 Nd6 16. Bd5 Kh8 17. e4 Na5 18. Ne3 c6 19. b4 cxd5 20. Nxd5 Qe6 21. Nc7 Qc4 22. Nxe5 Qxc7 23. Rd1 Ba4 24. Rd5 Qxc3 25. Rxa5 b5 26. f4 Nxe4 27. Qf1 Qxb4 28. Ra6 Qd4+ 29. Kh1 Nf2+ 30. Kg1 Nxh3+ 31. Kh1 Nf2+ 32. Kg1 Ng4+ 0-1

[Event "Gyongyos op"]
[Site "Gyongyos"]
[Date "1994.??.??"]
[Round "?"]
[White "Gorda, Ferenc"]
[Black "Foldi, Istvan"]
[Result "0-1"]
[WhiteElo "2150"]
[BlackElo "2350"]
[PlyCount "76"]
[EventDate "1994.08.??"]
[EventType "swiss"]
[EventRounds "9"]
[EventCountry "HUN"]
[SourceTitle "EXT 1998"]
[Source "ChessBase"]
[SourceDate "1997.11.17"]
[SourceVersion "1"]
[SourceVersionDate "1997.11.17"]
[SourceQuality "1"]

1. d4 Nf6 2. Nf3 b6 3. Bf4 Bb7 4. Nbd2 g6 5. e3 Bg7 6. Bd3 c5 7. c3 0-0 8. 0-0 d6 9. Qc2 Nc6 10. Rad1 Rc8 11. Qb1 Re8 12. h3 cxd4 13. exd4 Qd7 14. Ne4 Nd5 15. Bh2 f5 16. Ned2 Nd8 17. Bc4 Nf7 18. Bb3 e6 19. Rfe1 Re7 20. a4 Rce8 21. Qa2 Bf6 22. Qa3 Nc7 23. Re3 Qc6 24. Ne1 Ng5 25. Ndf3 Nd5 26. Bxd5 Qxd5 27. Nd3 e5 28. Nb4 Qc4 29. Nd2 Qc8 30. a5 exd4 31. Rxe7 Rxe7 32. a6 Ba8 33. cxd4 Bxd4 34. Nb3 Qe6 35. Nd2 Bxf2+ 36. Kh1 Qe1+ 37. Rxe1 Rxe1+ 38. Bg1 Rxg1+ 0-1

[Event "Gyongyos op"]
[Site "Gyongyos"]
[Date "1994.??.??"]
[Round "?"]
[White "Gorda, Ferenc"]
[Black "Kadas, Gabor"]
[Result "0-1"]
[WhiteElo "2150"]
[BlackElo "2280"]
[PlyCount "120"]
[EventDate "1994.08.??"]
[EventType "swiss"]
[EventRounds "9"]
[EventCountry "HUN"]
[SourceTitle "EXT 1998"]
[Source "ChessBase"]
[SourceDate "1997.11.17"]
[SourceVersion "1"]
[SourceVersionDate "1997.11.17"]
[SourceQuality "1"]

1. d4 e5 2. dxe5 d6 3. e4 Nd7 4. e6 fxe6 5. Nf3 Be7 6. Bc4 Nb6 7. Bb3 c5 8. c3 Bd7 9. 0-0 c4 10. Bc2 e5 11. a4 Be6 12. Ng5 Bxg5 13. Qh5+ Bf7 14. Qxg5 Nf6 15. Na3 0-0 16. f4 Nbd7 17. Be3 a6 18. Rad1 Qe7 19. fxe5 Nxe5 20. Bd4 h6 21. Qh4 Rae8 22. Nb1 Kh7 23. Nd2 g5 24. Qe1 Bg6 25. Nf3 Nxf3+ 26. gxf3 Nh5 27. Qd2 Qe6 28. Be3 Rd8 29. a5 Qh3 30. Qg2 Qe6 31. Bb6 Rd7 32. Qg4 Qxg4+ 33. fxg4 Rxf1+ 34. Rxf1 Nf4 35. Re1 d5 36. Re3 dxe4 37. Bxe4 Rd1+ 38. Kf2 Rd2+ 39. Ke1 Rxh2 40. Bxg6+ Kxg6 41. Re7 Rxb2 42. Rxb7 h5 43. gxh5+ Kxh5 44. Rh7+ Kg4 45. Rc7 Kf3 46. Rxc4 g4 47. Rc8 g3 48. Kd1 g2 49. Rg8 Ke4 50. Rg3 Kd5 51. Rg4 Ke4 52. Kc1 Ra2 53. Kb1 Re2 54. Rg8 Nd5 55. Bd4 Kd3 56. Rg3+ Kc4 57. Kc1 Kb3 58. Kd1 Ra2 59. Ke1 Kc4 60. Bf2 Rxa5 0-1